Fugaces / (Record no. 41659)

MARC details
000 -LEADER
campo de control de longitud fija 00841nam a2200241 i 4500
001 - NÚMERO DE CONTROL
campo de control 41659
003 - IDENTIFICADOR DE NÚMERO DE CONTROL
campo de control ES-MaACL
005 - FECHA Y HORA DE LA ÚLTIMA TRANSACCIÓN
campo de control 20231218200130.0
007 - CAMPO FIJO DE DESCRIPCIÓN FÍSICA--INFORMACIÓN GENERAL
campo de control de longitud fija t|
008 - DATOS DE LONGITUD FIJA--INFORMACIÓN GENERAL
campo de control de longitud fija 030311s1898 sp ||||1| spa d
080 ## - NÚMERO DE LA CLASIFICACIÓN DECIMAL UNIVERSAL
Número de la Clasificación Decimal Universal 821.134.2-14"19"
100 1# - ENTRADA PRINCIPAL--NOMBRE DE PERSONA
Nombre de persona Casanova, Sofía,
Fechas asociadas al nombre 1862-1958
9 (RLIN) 36108
245 10 - MENCIÓN DEL TÍTULO
Título Fugaces /
Mención de responsabilidad, etc. por Sofía Casanova.
260 ## - PUBLICACIÓN, DISTRIBUCIÓN, ETC.
Lugar de publicación, distribución, etc. La Coruña :
Nombre del editor, distribuidor, etc. Andrés Martínez,
Fecha de publicación, distribución, etc. 1898 (
Fabricante Tip. de la Casa de Misericordia)
300 ## - DESCRIPCIÓN FÍSICA
Extensión VII, 160 p. ;
Dimensiones 19 cm.
490 1# - MENCIÓN DE SERIE
Mención de serie Biblioteca gallega
505 8# - NOTA DE CONTENIDO CON FORMATO
Nota de contenido con formato Contiene: Juveniles (1882-1886) ; Ausencia (1887-1897)
530 ## - NOTA DISPONIBLE DE FORMULARIO FÍSICO ADICIONAL
Nota de formato físico adicional disponible Disponible en formato digital.
830 1# - PUNTO DE ACCESO ADICIONAL DE SERIE-TÍTULO UNIFORME
Título uniforme Biblioteca gallega
9 (RLIN) 180864
852 4# - LOCALIZACIÓN
Ubicación ES-MaACL
Número de control de estantería G-8510
856 4# - LOCALIZACIÓN Y ACCESO ELECTRÓNICOS
Identificador Uniforme de Recursos <a href="http://biblioteca.galiciana.gal/es/consulta/registro.do?id=535990">http://biblioteca.galiciana.gal/es/consulta/registro.do?id=535990</a>
Nota pública Galiciana: Biblioteca Dixital de Galicia
Holdings
Estatus retirado Estado de pérdida Estado de daño No para préstamo Colección Biblioteca de origen Biblioteca actual Ubicación en estantería Fecha de adquisición Fuente de adquisición Total de préstamos Signatura topográfica completa Código de barras Visto por última vez Precio de reemplazo Tipo de ítem Koha
        Colección digital Biblioteca del Ateneo de Madrid Biblioteca del Ateneo de Madrid Sala Pecera Planta 3 17/01/2008     G-8510 1043854 23/02/2023 23/02/2023 Libro impreso antiguo